Normal view
MARC view
- Computer-Computer Networks
Entry Topical Term
001 - CONTROL NUMBER
- control field: 6550
003 - CONTROL NUMBER IDENTIFIER
- control field: JO-AjAnu
005 - DATE AND TIME OF LATEST TRANSACTION
- control field: 20230606071348.0
008 - FIXED-LENGTH DATA ELEMENTS
- fixed length control field: 230606|| aca||aabn | a|a d
040 ## - CATALOGING SOURCE
- Original cataloging agency: JO-AjAnu
- Transcribing agency: JO-AjAnu
150 ## - HEADING--TOPICAL TERM
- Topical term or geographic name entry element: Computer-Computer Networks
670 ## - SOURCE DATA FOUND
- Source citation: Work cat.: (JO-AjAnu)3395: Saini, Madan Lal , author 6549, Computer Network and Data Communication: ALL-IN-ONE ROR BEGINNERS